000 00823nam a2200253Ia 4500
003 OSt
005 20220923225314.0
006 a|||||r|||| 00| 0
007 ta
008 220922b |||||||| |||| 00| 0 hin d
024 _a262,471
037 _cTextual
040 _aARTS
_cARTS
_bhin
041 _2hin
_ahin
082 _aQ2jNBA, 152[M0]
100 _aपाण्डेय, राम मोहन, संपा.
245 0 _aपरमार्थ पथिक
246 _aParamārtha pathika
260 _aआगरा
_b स्वामी शारदानन्द सरस्वती
_c1980
300 _a226पृ.
_ccm.
650 _aधर्म
942 _hQ2jNBA, 152[M0]
_cTEXL
_2CC
999 _c377406
_d377406